Online
Catalog

La naturaleza cambiante del poder norteamericano / (Record no. 23883)

MARC details
000 -CABECERA
campo de control de longitud fija 01266nam a2200301 a 4500
001 - NÚMERO DE CONTROL
campo de control 000024390
005 - FECHA Y HORA DE LA ÚLTIMA TRANSACCIÓN
campo de control 20200930022950.0
008 - DATOS DE LONGITUD FIJA--INFORMACIÓN GENERAL
campo de control de longitud fija 110126s1991 ag a 000 | spa d
020 ## - NÚMERO INTERNACIONAL ESTÁNDAR DEL LIBRO
Número Internacional Estándar del Libro 9506942013
040 ## - FUENTE DE LA CATALOGACIÓN
Centro catalogador/agencia de origen DO-SdBNP
Lengua de catalogación spa
Centro/agencia transcriptor BNPHU
041 17 - CÓDIGO DE LENGUA
Código de lengua del texto/banda sonora o título independiente eng
Código de lengua original spa
Fuente del código Código de idioma MARC
082 ## - NÚMERO DE LA CLASIFICACIÓN DECIMAL DEWEY
Número de clasificación 327.73
Número de documento/Ítem N994n
049 ## - FONDOS LOCALES (OCLC)
Fondos de biblioteca BNRG
100 1# - ENTRADA PRINCIPAL--NOMBRE DE PERSONA
Nombre de persona Nye., Joseph S.
9 (RLIN) 50017
240 10 - TÍTULO UNIFORME
Título uniforme Bound to lead : the changing nature of american power.
Lenguaje de la obra Español
245 13 - MENCIÓN DE TÍTULO
Título La naturaleza cambiante del poder norteamericano /
Mención de responsabilidad, etc. Joseph S. Nye; traducción de Cristina Piña.
260 ## - PUBLICACIÓN, DISTRIBUCIÓN, ETC.
Lugar de publicación, distribución, etc. Buenos Aries, (Argentina) :
Nombre del editor, distribuidor, etc. Grupo Editor Latinoamericano,
Fecha de publicación, distribución, etc. 1991.
300 ## - DESCRIPCIÓN FÍSICA
Extensión 245 p. :
Otras características físicas il. ;
Dimensiones 20 cm.
490 1# - MENCIÓN DE SERIE
Mención de serie Estudios Internationales
Designación de volumen o secuencia 212,
-- 312.
490 1# - MENCIÓN DE SERIE
Mención de serie Estudios Políticos Internacionales
500 ## - NOTA GENERAL
Nota general Incluye notas e índice general
534 ## - NOTA SOBRE LA VERSIÓN ORIGINAL
Encabezamiento principal del original Títulodel original en inglés :
Mención de título del original Bound to lead : the changing nature of american power
650 #4 - PUNTO DE ACCESO ADICIONAL DE MATERIA--TÉRMINO DE MATERIA
Término de materia o nombre geográfico como elemento de entrada Estados unidos
Subdivisión general Relaciones exteriores
9 (RLIN) 50018
650 #4 - PUNTO DE ACCESO ADICIONAL DE MATERIA--TÉRMINO DE MATERIA
Término de materia o nombre geográfico como elemento de entrada Política internacional
Subdivisión geográfica Estados Unidos
9 (RLIN) 50019
650 #4 - PUNTO DE ACCESO ADICIONAL DE MATERIA--TÉRMINO DE MATERIA
Término de materia o nombre geográfico como elemento de entrada Relaciones internacionales
Subdivisión general Estados unidos
9 (RLIN) 50020
700 1# - PUNTO DE ACCESO ADICIONAL--NOMBRE DE PERSONA
Nombre de persona Piña, Cristina,
Término indicativo de función/relación tr.
9 (RLIN) 47086
830 #0 - PUNTO DE ACCESO ADICIONAL DE SERIE-TÍTULO UNIFORME
Título uniforme Estudios Internationales;
Nombre de parte o sección de la obra Estudios Políticos Internacionales
Designación de volumen o secuencia 212.312
9 (RLIN) 50021
Holdings
Estado de retiro Estado de pérdida Restricciones de uso No para préstamo Código de colección Localización permanente Ubicación/localización actual Ubicación en estantería Fecha de adquisición Número de inventario Total de préstamos Signatura topográfica completa Código de barras Fecha visto por última vez Precio válido a partir de Tipo de ítem Koha Número de copia
        Monografías: Libros y Folletos General General En catalogación 26.01.2011 LF1   327.73 N994n 24390-10 25.06.2020 25.06.2020 Préstamo en sala  
      Préstamo restrigido Monografías: Libros y Folletos General General En catalogación 15.02.2011 LF1   327.73 N994n 24390-20 25.06.2020 25.06.2020 Préstamo en sala e.2

Powered by Koha